<?xml version="1.0" encoding="UTF-8"?>
<record
    xmlns:xsi="http://www.w3.org/2001/XMLSchema-instance"
    xsi:schemaLocation="http://www.loc.gov/MARC21/slim http://www.loc.gov/standards/marcxml/schema/MARC21slim.xsd"
    xmlns="http://www.loc.gov/MARC21/slim">

  <leader>03202cam a2200301   4500500</leader>
  <controlfield tag="005">20260322004854.0</controlfield>
  <datafield tag="041" ind1=" " ind2=" ">
    <subfield code="a">fre</subfield>
  </datafield>
  <datafield tag="042" ind1=" " ind2=" ">
    <subfield code="a">dc</subfield>
  </datafield>
  <datafield tag="100" ind1="1" ind2="0">
    <subfield code="a">Ballif, Edm&#xE9;e</subfield>
    <subfield code="e">author</subfield>
  </datafield>
  <datafield tag="245" ind1="0" ind2="0">
    <subfield code="a">Du lait pour nos enfants. Une analyse de la reproduction nutritionnelle en Suisse</subfield>
  </datafield>
  <datafield tag="260" ind1=" " ind2=" ">
    <subfield code="c">2026.
							</subfield>
  </datafield>
  <datafield tag="500" ind1=" " ind2=" ">
    <subfield code="a">54</subfield>
  </datafield>
  <datafield tag="520" ind1=" " ind2=" ">
    <subfield code="a">Dans cet article, j&#x2019;examine la controverse autour de la &#xAB;&#xA0;Journ&#xE9;e du lait &#xE0; la pause&#xA0;&#xBB; dans les &#xE9;coles suisses sous l&#x2019;angle des sciences sociales de la reproduction et de l&#x2019;alimentation. Je propose la notion de &#xAB;&#xA0;reproduction nutritionnelle&#xA0;&#xBB; pour montrer comment les discussions sur l&#x2019;alimentation des enfants refl&#xE8;tent et reproduisent des hi&#xE9;rarchies sociales. Les partisan&#x2219;es et les opposant&#x2219;es &#xE0; la distribution de lait dans les &#xE9;coles partagent une grammaire repro-nutritionnelle qui valorise l&#x2019;expertise, la sant&#xE9; et l&#x2019;&#xE9;thique. Cette grammaire perp&#xE9;tue &#xE9;galement des id&#xE9;aux excluants de l&#x2019;identit&#xE9; nationale suisse, marginalisant certain&#xB7;es enfants sur la base de la migration, de la sant&#xE9; et de la classe sociale. Cet article contribue &#xE0; la compr&#xE9;hension des intersections entre alimentation et injustices reproductives.</subfield>
  </datafield>
  <datafield tag="520" ind1=" " ind2=" ">
    <subfield code="a">In this article, I examine the controversy surrounding School Milk Day in Swiss schools through the lens of reproductive and food studies. I introduce the framework of &#x201C;nutritional reproduction&#x201D; to analyze how debates over child nutrition reflect and reproduce social hierarchies. A shared repro-nutritional grammar among proponents and opponents of milk distribution emphasizes expert-led, health-oriented, and ethical childcare. However, this grammar also perpetuates exclusionary notions of Swiss national identity, marginalizing children along lines of migration, health, and class. This article contributes to understanding how food discussions intersect with reproductive injustices.</subfield>
  </datafield>
  <datafield tag="520" ind1=" " ind2=" ">
    <subfield code="a">En este art&#xED;culo, examino la controversia en torno a la &#x201C;Jornada de la leche en el recreo&#x201D; en las escuelas suizas, desde la perspectiva de las ciencias sociales de la reproducci&#xF3;n y de la alimentaci&#xF3;n. Introduzco el concepto de &#x201C;reproducci&#xF3;n nutricional&#x201D; para mostrar c&#xF3;mo los debates sobre la alimentaci&#xF3;n infantil reflejan y reproducen jerarqu&#xED;as sociales. Los partidarios y los opositores a la distribuci&#xF3;n de leche en las escuelas comparten una gram&#xE1;tica repro-nutricional que valora la pericia, la salud y la &#xE9;tica. Esta gram&#xE1;tica tambi&#xE9;n perpet&#xFA;a ideales excluyentes de la identidad nacional suiza, marginando a ciertos ni&#xF1;os y ni&#xF1;as con base en la migraci&#xF3;n, la salud y la clase social. Este art&#xED;culo contribuye a la comprensi&#xF3;n de las intersecciones entre alimentaci&#xF3;n e injusticias reproductivas.</subfield>
  </datafield>
  <datafield tag="690" ind1=" " ind2=" ">
    <subfield code="a">Alimentation</subfield>
  </datafield>
  <datafield tag="690" ind1=" " ind2=" ">
    <subfield code="a">Enfance</subfield>
  </datafield>
  <datafield tag="690" ind1=" " ind2=" ">
    <subfield code="a">Lait</subfield>
  </datafield>
  <datafield tag="690" ind1=" " ind2=" ">
    <subfield code="a">Reproduction</subfield>
  </datafield>
  <datafield tag="690" ind1=" " ind2=" ">
    <subfield code="a">Suisse</subfield>
  </datafield>
  <datafield tag="690" ind1=" " ind2=" ">
    <subfield code="a">Childhood</subfield>
  </datafield>
  <datafield tag="690" ind1=" " ind2=" ">
    <subfield code="a">Milk</subfield>
  </datafield>
  <datafield tag="690" ind1=" " ind2=" ">
    <subfield code="a">Nutrition</subfield>
  </datafield>
  <datafield tag="690" ind1=" " ind2=" ">
    <subfield code="a">Reproduction</subfield>
  </datafield>
  <datafield tag="690" ind1=" " ind2=" ">
    <subfield code="a">Switzerland</subfield>
  </datafield>
  <datafield tag="786" ind1="0" ind2=" ">
    <subfield code="n">Cahiers du Genre | 79 | 2 | 2026-01-20 | p. 165-195 | 1298-6046</subfield>
  </datafield>
  <datafield tag="856" ind1="4" ind2="1">
    <subfield code="u">https://shs.cairn.info/revue-cahiers-du-genre-2025-2-page-165?lang=fr&amp;redirect-ssocas=7080</subfield>
  </datafield>
  <datafield tag="999" ind1=" " ind2=" ">
    <subfield code="c">1743778</subfield>
    <subfield code="d">1743778</subfield>
  </datafield>
</record>
